| 000 | 00813nam a2200217Ii 4500 | ||
|---|---|---|---|
| 003 | JO-AjNU | ||
| 008 | 230605s9999||||xx |||||||||||||| ||und|| | ||
| 020 | _a2-7451-2248-7 | ||
| 040 |
_aJO-AjNU _bara _erda _cJO-AjNU |
||
| 041 | _aara | ||
| 050 | 1 | 4 | _aPJ8401.I4.1998 |
| 100 | 3 |
_aتأليف الشنتريني، أبي الحسن علي بن بسام؛ تحقيق سالم مصطفى البدري, _eauthor _927143 |
|
| 245 | 0 | 0 | _aالذخيرة في محاسن أهل الجزيرة |
| 250 | _aط1 | ||
| 264 | 3 | 1 | _aبيروت،لبنان: دار الكتب العلمية، 1998 |
| 300 | _aم4،ج4، 544ص | ||
| 336 |
_atext _btxt _2rdacontent |
||
| 337 |
_aunmediated _bn _2rdamedia |
||
| 338 |
_avolume _bnc _2rdacarrier |
||
| 650 | 4 |
_aالأدباء العرب -- الأندلس -- تراجم _927144 |
|
| 999 |
_aA10373 _c13941 _d13941 |
||